| 000 | 00781nam a22002297a 4500 | ||
|---|---|---|---|
| 999 |
_c17861 _d17861 |
||
| 003 | AR-CdUCM | ||
| 008 | 190509b ||||| |||| 00| 0 spa d | ||
| 040 |
_aMUNICIPALIDAD PROVINCIAL DEL CUSCO _cBIBLIOTECA MUNICIPAL DEL CUSCO |
||
| 082 |
_23ed. _a800.81 / _bF17 |
||
| 100 |
_aFaulkner, William _954 |
||
| 245 | _aObras escogidas / | ||
| 260 |
_aMadrid : _bAguilar, _c1962. |
||
| 300 |
_a1419 páginas ; _c19 cm. |
||
| 440 |
_aBiblioteca premios nobel _9447 |
||
| 505 | _aContenido : El premio nobel de la literatura de 1949 -- Mientras agoniza -- Los invictos -- El villorrio ... | ||
| 650 |
_aObras completas _95231 |
||
| 650 |
_aLiteratura _983 |
||
| 650 |
_aSiglo XX _98 |
||
| 700 |
_aCaballero, A. (Traducción) _938059 |
||
| 942 |
_2ddc _cLIBROS |
||
| 945 |
_arah _d09/05/2019 |
||